000 00541nam a2200241Ia 4500
005 20260306145552.0
008 008 260114s9999 xx 000 0 eng d
020 _a9783110837247
037 _aEbook
040 _aCRL
040 _beng
040 _cCRL
041 _2eng
041 _aeng
084 _qCRL
245 0 _aNietzsche and Buddhism
260 _bDe Gruyter
260 _c1981
650 _aPhilosophy
856 _uhttps://www.degruyter.com/isbn/9783110837247
942 _cEBOOK
999 _c1689159
_d1689159